Study of defence hardware export by ordnance factories: strategies for future (Record no. 493118)

000 -LEADER
fixed length control field 00531cam a22001457a 4500
008 - FIXED-LENGTH DATA ELEMENTS--GENERAL INFORMATION
fixed length control field 180718b2005 xxu||||| |||| 00| 0 eng d
082 ## - DEWEY DECIMAL CLASSIFICATION NUMBER
Classification number APPPA 2004-05/KAM/19
100 ## - MAIN ENTRY--PERSONAL NAME
Personal name Kamra, V.P.
245 ## - TITLE STATEMENT
Title Study of defence hardware export by ordnance factories: strategies for future
Statement of responsibility, etc. by V.P. Kamra
260 ## - PUBLICATION, DISTRIBUTION, ETC.
Place of publication, distribution, etc. New Delhi
Name of publisher, distributor, etc. Indian Institute of Public Administration
Date of publication, distribution, etc. 2005
300 ## - PHYSICAL DESCRIPTION
Extent 148p.
500 ## - GENERAL NOTE
General note An APPPA M.Phil dissertation, 2004-05 (Guide: P.K. Chaubey)
650 ## - SUBJECT ADDED ENTRY--TOPICAL TERM
Topical term or geographic name entry element Ordnance factories
650 ## - SUBJECT ADDED ENTRY--TOPICAL TERM
Topical term or geographic name entry element Defence hardware export
Holdings
Withdrawn status Lost status Damaged status Not for loan Permanent Location Current Location Date acquired Full call number Barcode Date last seen Price effective from Koha item type
        Indian Institute of Public Administration Indian Institute of Public Administration 2018-08-04 APPPA 2004-05/KAM/19 GR17261 2018-08-04 2018-08-04 GR

Powered by Koha